Finish The Line: The Golden Girls Edition Quiz Stats

 Plays Quiz not verified by Sporcle

Score 0/16 Timer 10:00
0 Plays Today
Line Answer % Correct
Excuse me Rose, but I haven't had sex in fifteen years and its starting to __ __ __ _____. (Sophia)get on my nerves
87.5%
Back in __ ____. (Rose)st olaf
73.4%
I'm jumpier than a virgin __ _ ___ _____. (Blanche)at a prison rodeo
65.9%
I know that, I can't believe these dumb cops would think anyone would pay money to ____ ____ ___. (Sophia)sleep with you
65.6%
Dorothy, you do that one more time, and I'm gonna write on this wall: 'For a good time, ___ ______ _______. (Blanche)call dorothy zbornak
60.4%
Jealousy is a very ugly thing, Dorothy. And so are you, __ ______ _________. (Sophia)in anything backless
60%
When a 22-year-old girl marries a man who's 80, chances are she is __ _____ ___ ___. (Dorothy)not after his body
39.4%
You know what else I can't stand? Your phony accent. What is this, _______ ________? (Sophia)designing women
38.7%
Line Answer % Correct
Lets face it, Blanche, you have Bette Davis eyes ____ ____ ______ ______. (Rose)and freddy krueger hands
38.5%
Why do blessings wear disguises? If I were a blessing, __ ____ _____ ______. (Sophia)i'd run around naked
37.4%
You're right, Blanche, these naked Southern guys ___ _____ ______! (Dorothy)sure can dance
35.1%
Well, I guess after a hard night of pillaging and raping, a Viking would want a little something __ __ ___ ___ _____.(Dorothy)to go with his cocoa
34.7%
You know what they say: you can lead a herring to water, but you have to walk _____ ____ ___ ___ ___. (Rose)really fast or he'll die
34.2%
What are you trying to say, Rose? _______ ___ ___ _____? (Dorothy)weddings make you hot
18.5%
Must you always be so cheerful, you... empty-headed, ______ ______ _____-__? (Blanche)mary poppins knock off
17%
Oh boy, we're going to a sperm bank. I wonder if they have a ____-___ ______? (Sophia)drive up window
16.2%

You're not logged in!

Compare scores with friends on all Sporcle quizzes.
OR
Log In

Show Comments

Extras

Created Feb 19, 2012ReportNominate
Tags:edition, finish, girl

Top Quizzes Today


Score Distribution

Your Account Isn't Verified!

In order to create a playlist on Sporcle, you need to verify the email address you used during registration. Go to your Sporcle Settings to finish the process.

Report this User

Report this user for behavior that violates our Community Guidelines.

Details: